000 01224nam a2200313Ia 4500
001 ebr10397548
003 CaPaEBR
006 m u
007 cr cn|||||||||
008 100308s2010 nyu sb i001 0 eng d
010 _z 2010009493
020 _z9789280811889 (pbk.)
040 _aCaPaEBR
_cCaPaEBR
035 _a(OCoLC)748362234
050 1 4 _aJC337
_b.E54 2010eb
082 0 4 _a320.01
_222
245 0 0 _aEngaging civil society
_h[electronic resource] :
_bemerging trends in democratic governance /
_cedited by G. Shabbir Cheema and Vesselin Popovski.
260 _aNew York :
_bUnited Nations University,
_cc2010.
300 _axviii, 304 p.
504 _aIncludes bibliographical references and index.
533 _aElectronic reproduction.
_bPalo Alto, Calif. :
_cebrary,
_d2010.
_nAvailable via World Wide Web.
_nAccess may be limited to ebrary affiliated libraries.
650 0 _aCivil society.
650 0 _aDemocracy.
655 7 _aElectronic books.
_2local
700 1 _aCheema, G. Shabbir.
700 1 _aPopovski, Vesselin.
710 2 _aebrary, Inc.
856 4 0 _uhttp://site.ebrary.com/lib/rucke/Doc?id=10397548
_zAn electronic book accessible through the World Wide Web; click to view
999 _c192536
_d192536